| 000 | 004070000a22001570004500 | ||
|---|---|---|---|
| 001 | 004461 | ||
| 003 | MACL | ||
| 040 | _aMACL | ||
| 090 |
_c16454 _d16453 |
||
| 100 | _aChakravarti, Sudhindra Chandra | ||
| 245 |
_aPhilosophical Foundation Of Bengal Vaisnavism _cSudhindra Chandra Chakravarti |
||
| 260 |
_aMunshiram manoharlal Publishers, _c2004 |
||
| 350 | _a550 | ||
| 650 | _aReligion | ||
| 942 |
_k295 _cBook |
||
| 999 |
_c16350 _d16350 |
||